书目信息 |
| 题名: |
印度民族大起义
|
|
| 作者: | 潘香华 编著 | |
| 分册: | ||
| 出版信息: | 北京 商务印书馆 1979 |
|
| 页数: | 36页 | |
| 开本: | 19cm | |
| 丛书名: | 外国历史小丛书 | |
| 单 册: | ||
| 中图分类: | K351.42 | |
| 科图分类: | ||
| 主题词: | 印度民族大起义(1857~1859) | |
| 电子资源: | ||
| ISBN: | ||
| 000 | 00663nam2 2200241 45 | |
| 001 | 0179003828 | |
| 005 | 20070926112454.60 | |
| 010 | @dCNY0.10 | |
| 091 | @aCN@b11017.454 | |
| 100 | @a19950725d1979 em y0chiy0121 ea | |
| 101 | 0 | @achi |
| 102 | @aCN@b110000 | |
| 105 | @ay z 000yy | |
| 200 | 10 | @a印度民族大起义@Ayin du min zu da qi yi@e1857~1859年@f潘香华编著 |
| 210 | @a北京@c商务印书馆@d1979 | |
| 215 | @a36页@d19cm | |
| 225 | 2 | @a外国历史小丛书 |
| 410 | 0 | @120010@a外国历史小丛书 |
| 606 | @a印度民族大起义(1857~1859) | |
| 690 | @aK351.42@v3 | |
| 701 | 0 | @a潘香华@Apan xiang hua@4编著 |
| 801 | 0 | @aCN@bTSSF@c20070926 |
| 905 | @a10447@dK351.42@e14 | |
| 印度民族大起义:1857~1859年/潘香华编著.-北京:商务印书馆,1979 |
| 36页;19cm.-(外国历史小丛书) |
| ISBN :CNY0.10 |
| ● |
| 相关链接 |
|
|
|
|
正题名:印度民族大起义
索取号:K351.42/14
 
预约/预借
| 序号 | 登录号 | 条形码 | 馆藏地/架位号 | 状态 | 备注 |
| 1 | 0609410 | 206094108 | 第二样本阅览室/ [索取号:K351.42/14] | 在馆 |